| 000 | 00597nam a2200205 u 4500 | ||
|---|---|---|---|
| 005 | 20240228064154.0 | ||
| 008 | 141027s2005 ag r 000 0 spa d | ||
| 035 | _aUPN01000200512 | ||
| 049 | _aI | ||
| 050 | 4 |
_aPZ74.3 _bF5.6 |
|
| 100 | 1 |
_aFierro, Enrique, _d1942- _936330 |
|
| 245 | 1 | 0 |
_aQuiero ver una vaca / _cEnrique Fierro. |
| 260 |
_aBuenos Aires : _bPequeño Editor, _c2005. |
||
| 300 |
_a[28] p. : _bil. col. |
||
| 440 | 0 | _aIncluso los grandes | |
| 650 | 4 |
_aPOESIA INFANTIL URUGUAYA _923118 |
|
| 650 | 4 |
_aLibros y lectura para niños _92290 |
|
| 905 | _aInfantil | ||
| 999 |
_c172613 _d172613 |
||